00617cam a2200277 4500001000900000003000900009005001700018007000900035008004000044015000600084017000900090020000600099035000600105040002500111080000600136080000600142080000600148100004500154245005400199260002500253300002500278600001200303600000900315700000900324700000600333 4385994DO-SdBNP20180125120127.0 4385994081124s19uu sp a 000 f spa  a  a b  a  a  aBPMSUbspacBPMUSe  a  a  a 1 aCervantes Saavedra, Miguel ded1547-161613aLa gitanilla / cMiguel de Cervantes Saavedra h  a[Madrid :b c190'?] a73 p. : b c22 cm. 17a d 2 17a 2 1 a d 1 a